India, china, and the world: (Record no. 158639)

MARC details
000 -LEADER
fixed length control field 00664nam a22001937a 4500
005 - DATE AND TIME OF LATEST TRANSACTION
control field 20181110115149.0
010 ## - LCCN (DPL NO)
LC control number ENG-124461
020 ## - INTERNATIONAL STANDARD BOOK NUMBER
International Standard Book Number 9780199485543
Terms of availability 995.00
035 ## - SYSTEM CONTROL NUMBER
System control number EN-107993
037 ## - SOURCE OF ACQUISITION
Source of stock number/acquisition DBAD/PUB
082 ## - DEWEY DECIMAL CLASSIFICATION NUMBER
Classification number 327.54051
100 ## - MAIN ENTRY--PERSONAL NAME
Personal name Sen, Tansen
245 ## - TITLE STATEMENT
Title India, china, and the world:
Statement of responsibility, etc by Tansen Sen
Remainder of title a connected history /
260 ## - PUBLICATION, DISTRIBUTION, ETC. (IMPRINT)
Place of publication, distribution, etc New Delhi
Name of publisher, distributor, etc Oxford University Press
Date of publication, distribution, etc 2018
270 ## - ADDRESS
City New Delhi
Postal code 110002
Address 2/11 Ground Floor, Ansari Road, Daryaganj,
300 ## - PHYSICAL DESCRIPTION
Extent xviii,541p
Dimensions 22cm.(Hb)
Other physical details ill.map.
500 ## - GENERAL NOTE
General note It includes conclusion, bibliography, index and about the author
942 ## - ADDED ENTRY ELEMENTS (KOHA)
Source of classification or shelving scheme Dewey Decimal Classification
Item type English Books
Classification part 327.54051
Call number suffix SEN
Holdings
Withdrawn status Lost status Not for loan Collection code Home library Current library Date acquired Source of acquisition Cost, normal purchase price Full call number Barcode Copy number Cost, replacement price Koha item type
    Not For Loan Non-fiction D.B.Act.Division Bawana 10/11/2018 DBAD/PUB 995.00 327.54051 SEN EN-107993 1 995.00 English Books

© Delhi Public Library
Hit Counter
free hit counter